Ulice w Gdańsku zaczynające się na A - Statistics

General Stats
  • This quiz has been taken 12 times
  • The average score is 23 of 38
Answer Stats
Ulica % Correct
Abrahama
100%
Angielska Grobla
100%
Astronomów
100%
Augustowska
100%
Adamowicza
75%
Afrodyty
75%
Akacjowa
75%
Aldony
75%
Ametystowa
75%
Amundsena
75%
Andersa
75%
Andersena
75%
Andromedy
75%
Antygony
75%
Arkońska
75%
Aroniowa
75%
Asnyka
75%
Astronautów
75%
Achillesa
50%
Agrarna
50%
Aksamitna
50%
Akwenowa
50%
Andruszkiewicza
50%
Antczaka
50%
Arciszewskiego
50%
Arctowskiego
50%
Armii Krajowej
50%
Artemidy
50%
Asesora
50%
Ateny
50%
Azaliowa
50%
Akteona
25%
Altanki
25%
Ariadny
25%
Astrowa
25%
Augusta
25%
Augustyńskiego
25%
Azymutalna
25%
No matching quizzes found
Score Distribution
Percent of People with Each Score
Percentile by Number Answered
Your Score History
You have not taken this quiz